01206cam a2200325 a 4500001001400000003000800014005001700022006001900039007001500058008004100073020003800114040003000152050002000182082001500202245013900217260004300356300003500399504005100434521001700485588004700502650002600549650004100575650002200616650003700638655002900675700002000704710001600724776003500740856010500775EDZ0000159521StDuBDS20161031105250.0m||||||||d||||||||cr |||||||||||130912s1997 cau fo| 001|0|eng d a9781483327808 (ebook) :cNo price aStDuBDSbengcStDuBDSepn 0aJS78b.R43 199704a320.8522300aReconstructing urban regime theoryh[electronic resource] :bregulating urban politics in a global economy /cedited by Mickey Lauria. aThousand Oaks, Calif. :bSAGE,cc1997. a1 online resource (ix, 278 p.) aIncludes bibliographical references and index. aSpecialized. aDescription based on print version record. 0aMunicipal government. 0aMunicipal governmentzUnited States. 0aLocal government. 0aLocal governmentzUnited States. 7aElectronic books.2local1 aLauria, Mickey.2 aSage eBooks08iPrint version :z978076190150140uhttp://ezproxy.alfaisal.edu/login?url=http://sk.sagepub.com/books/reconstructing-urban-regime-theory